Normal view
MARC view
Entry Topical Term
001 - CONTROL NUMBER
- control field: 264917
003 - CONTROL NUMBER IDENTIFIER
- control field: OSt
005 - DATE AND TIME OF LATEST TRANSACTION
- control field: 20260601154703.0
008 - FIXED-LENGTH DATA ELEMENTS
- fixed length control field: 260601|| aca||aabn | a|a d
040 ## - CATALOGING SOURCE
- Original cataloging agency: OSt
- Transcribing agency: OSt
150 ## - HEADING--TOPICAL TERM
- Topical term or geographic name entry element: vanchane mosa
670 ## - SOURCE DATA FOUND
- Source citation: Work cat.: (OSt)101140: MAISURU NAGARAJA SHARMA. ಮೈಸೂರು ನಾಗರಾಜ ಶರ್ಮಾ 264916, Idu entha lokavayya., 1997